| 000 | 01015nam a22002415i 4500 | ||
|---|---|---|---|
| 001 | 178074 | ||
| 003 | ES-MaACL | ||
| 005 | 20250823063127.0 | ||
| 008 | 110517s1950 sp o |||| | spa d | ||
| 080 | _a749.1:069(460.27 M.) | ||
| 100 | 1 |
_aFeduchi, Luis M., _d1901-1975 _949083 |
|
| 245 | 1 | 4 |
_aLos Museos Arqueológico y Valencia de D. Juan _b= Les Musées Archeologique et Valencia de D. Juan = Archaeological and Valencia de D. Juan Museums / _cintroducción y notas de Luis M. Feduchi ; fotografías: Juan Pando. |
| 260 |
_aMadrid : _bAfrodisio Aguado, _cimp. 1950. |
||
| 300 |
_a65, 64 p. de fot. bl. y n. ; _c19 cm. |
||
| 490 | 1 |
_aEl mueble en España ; _v4 |
|
| 546 | _aTexto en español, francés e inglés. | ||
| 610 | 2 |
_aMuseo Arqueológico Nacional (España) _95827 |
|
| 610 | 2 | 4 |
_aInstituto de Valencia de Don Juan (Madrid) _95014 |
| 700 | 0 |
_aPando, Juan. _988754 |
|
| 830 | 0 |
_aEl mueble en España ; _v4 _9190716 |
|
| 852 |
_aES-MaACL _jE-15109 _xOlim P-955 |
||
| 999 |
_c178074 _d178074 |
||